000 01482nam a22003977a 4500
003 CHAP
005 20220817041633.0
008 971013s1994 r 00010 d
010 _a20384
011 _a21356
035 _a25446
040 _cCHAP
082 _a320.972
_bF8 v.9
100 0 0 _aFundación Mexicana Cambio XXI Luis Donaldo Colosio, A. C.
_943990
245 _aEducación superior, ciencia y, tecnología
260 _aMéxico, D.F. :
_bLa Fundación,
_c1994
300 _a140 p.
490 _aFundación Mexicana Cambio XXI, Luis Donaldo Colosio. Retos y propuestas
590 _aBATCH-UPD
_b10
_c20130109
_lUCH01
_h2319
590 _aBATCH-UPD
_b10
_c20130110
_lUCH01
_h1233
590 _aBATCH-UPD
_b10
_c20130409
_lUCH01
_h1841
590 _aBATCH-UPD
_b10
_c20130410
_lUCH01
_h0802
590 _aBATCH-UPD
_b10
_c20130914
_lUCH01
_h1244
590 _aBATCH-UPD
_b10
_c20161124
_lUCH01
_h1708
590 _aCONVERSION
_b10
_c20130109
_lUCH01
_h1312
650 1 4 _aEducación superior.
650 1 4 _aPolítica científica
_xMéxico.
_990467
650 1 4 _aPolítica educativa
_zMéxico.
_990561
651 4 _aMéxico
_xPolítica y gobierno.
_976783
700 0 _aOrtega Salazar, Sylvia.
_983874
700 0 _aZedillo Ponce de León, Ernesto
_eed.
_9123853
830 0 _aFundación Mexicana Cambio XXI, Luis Donaldo Colosio. Retos y propuestas
_943991
901 _aBK
942 _cLIBRO
949 _a320.972 F8 v.9
_bBC
_cLIBRO
_d33724000910345
_eLIBRO
_h87171
_i25446
_mD
_si
999 _c20384
_d20384